书目信息 |
| 题名: |
猪的人工授精术
|
|
| 作者: | ;广西僮族自治区畜牧研究所 编著 | |
| 分册: | ||
| 出版信息: | 北京 农业出版社 1961 |
|
| 页数: | 60页 | |
| 开本: | 19cm | |
| 丛书名: | ||
| 单 册: | ||
| 中图分类: | S828.3 | |
| 科图分类: | ||
| 主题词: | 猪--人工授精 | |
| 电子资源: | ||
| ISBN: | 16144.1041 | |
| 000 | 00709cam0 2200229 450 | |
| 001 | 0105479496 | |
| 005 | 20080201155041.0 | |
| 010 | @a16144.1041@dCNY0.17 | |
| 091 | @a16144.1041@dCNY0.17 | |
| 100 | @a19960429d1961 em y0chiy0110 ea | |
| 101 | 0 | @achi |
| 102 | @aCN@b110000 | |
| 105 | @af z 000yy | |
| 106 | @ar | |
| 200 | 1 | @a猪的人工授精术@9Zhu De;Di Ren Gong Shou Jing Shu;Zhu @f广西僮族自治区畜牧研究所编著@b专著 |
| 210 | @a北京@c农业出版社@d1961 | |
| 215 | @a60页@c图表@d19cm | |
| 606 | 0 | @a猪@x人工授精 |
| 690 | @aS828.3@v3 | |
| 711 | 02 | @a广西僮族自治区畜牧研究所@9guang xi zhuang zu zi zhi qu xu mu yan jiu suo@4编著 |
| 801 | 0 | @aCN@b上海图书馆@c19970403 |
| 905 | @aBZT@dS82@e169@f1@sS82/169 | |
| 猪的人工授精术/广西僮族自治区畜牧研究所编著.-北京:农业出版社,1961 |
| 60页:图表;19cm |
| ISBN 16144.1041:CNY0.17 |
| ● |
| 相关链接 |
|
|
|
正题名:猪的人工授精术
索取号:S82/169
 
预约/预借
| 序号 | 登录号 | 条形码 | 馆藏地/架位号 | 状态 | 备注 |
| 1 | 2000102223 | 2000102223 | 旧书回溯/ [索取号:S82/169] | 在馆 |